| 000 | 01264nkm a2200277 i 4500 | ||
|---|---|---|---|
| 001 | 3434 | ||
| 003 | ES-MaACL | ||
| 005 | 20250713062712.0 | ||
| 007 | khrbo | ||
| 008 | 051024s1984 sp --- g |001||spa d | ||
| 100 | 0 |
_aAlfonso, _d1902-1990 _919858 |
|
| 245 | 1 | 0 |
_aRecital de canto y piano de Mª José Montiel García y Paloma Camacho Acevedo [ _hFotografía] / _cAlfonso (sello). |
| 260 |
_a[S.l. : _bs.n.], _c1984. |
||
| 300 |
_a4 fot. : _bb. y n. ; _c12 x 18 cm. |
||
| 500 | _aDatos basados en invitación. | ||
| 511 | 0 | _aIntervienen: Mª José Montiel García, Paloma Camacho Acevedo. | |
| 518 | _aActo organizado por el Ateneo de Madrid en colaboración con la Asociación Madrileña de Amigos de la Música, celebrado en el salón de actos el miércoles, 19 de diciembre de 1984, a las 22:00 h. | ||
| 600 | 1 | 4 |
_aMontiel García, María José. _982653 |
| 600 | 1 | 4 |
_aCamacho Acevedo, Paloma. _933967 |
| 610 | 2 | 4 |
_aAteneo de Madrid- _xActos culturales- _y1984- _vFotografías. _91898 |
| 710 | 2 |
_aAteneo de Madrid. _91875 |
|
| 710 | 2 |
_aAsociación Madrileña de Amigos de la Música. _91745 |
|
| 852 |
_aES-MaACL _jFOT 141/1984 |
||
| 856 | 4 |
_uhttp://www.ateneodemadrid.net/biblioteca_digital/imagenes/1984/0141-1984.jpg _zVer imagen |
|
| 999 |
_c3434 _d3434 |
||